00772 a2200205 450000500170000000800410001702000150005802000180007304000500009104100080014124501150014926000650026430000220032949000770035165000220042865000340045065000230048470000280050770000310053520171115122643.0171115s2005 xxu|||||r|||| 00| 0 eng d a0814722288 a9780814722299 aCO-BoUCMbspacSandra PalaciodSandra Palacio0 aeng10aRethinking commodificationbcases and readings in law and cultureceditado por Martha Ertman, Joan C. Williams bNueva York (Estados Unidos)aNew York University Pressc2005 axv, 450 páginas0 aIn the critical America seriesaLaw and legal studies / Cultural studies17aDerecho xCultura27aConsumo (Economía)xDerecho27aComercio xDerecho1 aErtman, Martha eeditor1 aWilliams, Joan C. eeditor